[Event "GER Cup Net V3 U2400"]
[Site "Playchess.com INT"]
[Date "2020.05.27"]
[Round "6"]
[White "Jahnz, Fabian"]
[Black "Beesk, Kevin"]
[Result "1-0"]
[WhiteElo "2073"]
[BlackElo "1845"]
[PlyCount "75"]
[EventDate "2020.05.27"]
[EventType "swiss (blitz)"]
[EventRounds "9"]
[EventCountry "GER"]
[SourceTitle "EXT 2021"]
[Source "ChessBase"]
[SourceDate "2020.10.23"]
[SourceVersion "1"]
[SourceVersionDate "2020.10.23"]
[SourceQuality "1"]

1. e4 c5 2. Nf3 e6 3. b3 b6 4. d4 cxd4 5. Nxd4 Bb7 6. Bd3 a6 7. 0-0 Qc7 8. Bb2 Nf6 9. Re1 d6 10. c4 Nbd7 11. Nc3 Be7 12. f3 Rc8 13. Rc1 Qb8 14. Bf1 0-0 15. g3 Rfe8 16. Bg2 Qa8 17. Qd2 Bd8 18. Nc2 Bc7 19. Ne3 h5 20. Red1 Red8 21. Ba3 Nc5 22. Qe2 Qb8 23. Rd2 h4 24. Nf1 Nh5 25. f4 g6 26. Rcd1 hxg3 27. hxg3 d5 28. exd5 Bxf4 29. gxf4 Nxf4 30. Qf3 Nxg2 31. Rxg2 exd5 32. Nxd5 Rxd5 33. cxd5 Qd6 34. Bb2 Re8 35. Qc3 f6 36. Rxg6+ Kh7 37. Rg2 Re5 38. Qh3+ 1-0

[Event "GER Cup Net V3 U2400"]
[Site "Playchess.com INT"]
[Date "2020.05.27"]
[Round "7"]
[White "Lesny, Florian"]
[Black "Beesk, Kevin"]
[Result "1-0"]
[WhiteElo "1895"]
[BlackElo "1845"]
[PlyCount "97"]
[EventDate "2020.05.27"]
[EventType "swiss (blitz)"]
[EventRounds "9"]
[EventCountry "GER"]
[SourceTitle "EXT 2021"]
[Source "ChessBase"]
[SourceDate "2020.10.23"]
[SourceVersion "1"]
[SourceVersionDate "2020.10.23"]
[SourceQuality "1"]

1. e4 c5 2. Nf3 e6 3. d4 cxd4 4. Nxd4 Nc6 5. Nc3 Qc7 6. Be2 a6 7. Be3 Nf6 8. 0-0 Bb4 9. Na4 Be7 10. Nxc6 bxc6 11. Nb6 Rb8 12. Nxc8 Qxc8 13. Bd4 c5 14. Be5 Rb6 15. Bd3 d6 16. Bc3 0-0 17. b3 d5 18. exd5 exd5 19. Re1 Re6 20. Qf3 d4 21. Bd2 Bd6 22. Rxe6 fxe6 23. Qh3 g6 24. Bc4 Nd5 25. Re1 Rf5 26. Qd3 Kg7 27. c3 Qf8 28. Re2 dxc3 29. Bxc3+ Nxc3 30. Qxc3+ e5 31. Bxa6 Qf6 32. Bd3 Rf4 33. Be4 g5 34. a4 g4 35. a5 h5 36. a6 Qe7 37. Qa5 Qa7 38. Bb7 e4 39. Qd8 Be5 40. Qg5+ Kh7 41. Qxe5 Rf7 42. Bxe4+ Kg8 43. Bd5 Qxa6 44. Qe8+ Kh7 45. Qxf7+ Kh6 46. Re6+ Kg5 47. Qg6+ Kh4 48. g3+ Kh3 49. Qxh5# 1-0

[Event "GER Cup Net V2 U2400"]
[Site "Playchess.com INT"]
[Date "2020.05.22"]
[Round "7"]
[White "Beesk, Kevin"]
[Black "Lesny, Florian"]
[Result "0-1"]
[WhiteElo "1867"]
[BlackElo "1921"]
[PlyCount "122"]
[EventDate "2020.05.22"]
[EventType "swiss (blitz)"]
[EventRounds "9"]
[EventCountry "GER"]
[SourceTitle "EXT 2021"]
[Source "ChessBase"]
[SourceDate "2020.10.23"]
[SourceVersion "1"]
[SourceVersionDate "2020.10.23"]
[SourceQuality "1"]

1. Nc3 d5 2. e4 d4 3. Nce2 c5 4. Ng3 Nc6 5. Bc4 e5 6. Nf3 Be7 7. 0-0 Nf6 8. d3 a6 9. a3 0-0 10. Bd2 h6 11. Qc1 Kh7 12. Nh4 Nxe4 13. Nxe4 Bxh4 14. Nxc5 b6 15. Ne4 f5 16. Ng3 Bb7 17. Re1 Qd6 18. f4 Rae8 19. fxe5 Nxe5 20. Bf4 g5 21. Bxe5 Rxe5 22. Rxe5 Qxe5 23. Qe1 Re8 24. Qxe5 Rxe5 25. Nf1 Re2 26. Ng3 Rxg2+ 27. Kf1 Bxg3 28. hxg3 Rxg3 29. Re1 Re3 30. Rxe3 dxe3 31. d4 Kg7 32. Ke2 f4 33. d5 Kf6 34. Bb3 Ke5 35. c4 g4 36. Bc2 h5 37. Bg6 h4 38. Bh5 g3 39. Bg4 b5 40. b3 Kd6 41. Kf3 Ke5 42. a4 bxc4 43. bxc4 Kd6 44. Kxf4 Kc5 45. Kxe3 a5 46. Be2 Kd6 47. Bf1 Kc5 48. Kf4 Bc8 49. Kf3 Bf5 50. Kf4 Bd7 51. Kf3 Bxa4 52. Kg4 Bd1+ 53. Kxh4 a4 54. Kxg3 Bc2 55. d6 Kxd6 56. Bh3 a3 57. c5+ Kxc5 58. Be6 Kb4 59. Ba2 Kc3 60. Kf2 Kb2 61. Bc4 Bb3 0-1

[Event "GER Cup Net V2 U2400"]
[Site "Playchess.com INT"]
[Date "2020.05.22"]
[Round "1"]
[White "Commercon, Simon"]
[Black "Beesk, Kevin"]
[Result "1-0"]
[WhiteElo "2030"]
[BlackElo "1850"]
[PlyCount "71"]
[EventDate "2020.05.22"]
[EventType "swiss (blitz)"]
[EventRounds "9"]
[EventCountry "GER"]
[SourceTitle "EXT 2021"]
[Source "ChessBase"]
[SourceDate "2020.10.23"]
[SourceVersion "1"]
[SourceVersionDate "2020.10.23"]
[SourceQuality "1"]

1. d4 Nf6 2. Nf3 c5 3. g3 b6 4. d5 Bb7 5. c4 e6 6. Nc3 exd5 7. cxd5 d6 8. Bg2 g6 9. 0-0 Bg7 10. a4 0-0 11. e4 Re8 12. Re1 Nbd7 13. Bf4 Ne5 14. Nxe5 dxe5 15. Bg5 a6 16. Qb3 h6 17. Bd2 Qd6 18. Nd1 Red8 19. Ne3 Ne8 20. Nc4 Qe7 21. Nxb6 Rab8 22. Qc2 Qc7 23. Nc4 Nd6 24. Ba5 Qd7 25. Nxd6 Qxd6 26. Bxd8 Qxd8 27. Qxc5 Rc8 28. Qe3 f5 29. Rec1 Rb8 30. Rc2 Qa5 31. Qc5 Qd8 32. Rac1 f4 33. Qc7 Qf8 34. Bh3 h5 35. Be6+ Kh8 36. Qf7 1-0

[Event "GER Cup Net V1 U2400"]
[Site "Playchess.com INT"]
[Date "2020.05.19"]
[Round "4"]
[White "Beesk, Kevin"]
[Black "Namyslo, Holger"]
[Result "1-0"]
[WhiteElo "1812"]
[BlackElo "1964"]
[PlyCount "169"]
[EventDate "2020.05.19"]
[EventType "swiss (blitz)"]
[EventRounds "9"]
[EventCountry "GER"]
[SourceTitle "EXT 2021"]
[Source "ChessBase"]
[SourceDate "2020.10.23"]
[SourceVersion "1"]
[SourceVersionDate "2020.10.23"]
[SourceQuality "1"]

1. Nc3 d5 2. e4 e6 3. g3 Nf6 4. Bg2 c5 5. e5 Nfd7 6. f4 Nc6 7. Nf3 Be7 8. 0-0 0-0 9. d3 f6 10. exf6 Nxf6 11. Qe2 Bd6 12. Bd2 a6 13. Rae1 b5 14. Bc1 b4 15. Nd1 a5 16. b3 a4 17. Bb2 axb3 18. axb3 Ra2 19. Ne5 Nd4 20. Bxd4 cxd4 21. Rf2 Qc7 22. Bh3 Re8 23. g4 Bxe5 24. fxe5 Nd7 25. g5 Nc5 26. Qf3 Qe7 27. Ref1 Qxg5+ 28. Kh1 Qe7 29. Rg1 Ra7 30. Rfg2 Qf8 31. Qg4 Ree7 32. Qxd4 Rf7 33. Nf2 Rac7 34. Ng4 Nb7 35. Nh6+ Kh8 36. Nxf7+ Rxf7 37. Qh4 Nc5 38. Qg5 Nd7 39. d4 Nb6 40. Bg4 Bd7 41. Be2 Nc8 42. Bd3 Ne7 43. Qh5 Nf5 44. Bxf5 exf5 45. Qf3 g6 46. Qxd5 Be8 47. e6 Re7 48. Qe5+ Qg7 49. Qxg7+ Kxg7 50. d5 Kf6 51. Re2 Bb5 52. Re3 f4 53. Re4 g5 54. h4 h6 55. hxg5+ hxg5 56. Kg2 Kf5 57. Kf3 Rh7 58. Re5+ Kf6 59. Rexg5 Rh3+ 60. Kxf4 Rh2 61. R1g2 Rh1 62. Rf2 Ke7 63. Rg7+ Kd6 64. e7 Be8 65. Rg8 Bh5 66. e8Q Bxe8 67. Rxe8 Kxd5 68. Rd2+ Kc6 69. Rc8+ Kb7 70. Rc4 Rh4+ 71. Ke5 Rh5+ 72. Kd4 Rh4+ 73. Kc5 Rh5+ 74. Kxb4 Kb6 75. Rd6+ Kb7 76. Rg4 Re5 77. Rg7+ Kc8 78. Rh6 Re8 79. c4 Kb8 80. Rhh7 Kc8 81. Kb5 Kb8 82. c5 Ka8 83. Kb6 Rb8+ 84. Ka6 Rc8 85. Ra7+ 1-0

[Event "GER-ch Net Amateur Gr-A Vor1"]
[Site "Playchess.com INT"]
[Date "2020.04.14"]
[Round "9"]
[White "Beesk, Kevin"]
[Black "Ahlberg, Matthias"]
[Result "1-0"]
[WhiteElo "1792"]
[BlackElo "1934"]
[PlyCount "89"]
[EventDate "2020.04.14"]
[EventType "swiss (blitz)"]
[EventRounds "9"]
[EventCountry "GER"]
[SourceTitle "EXT 2021"]
[Source "ChessBase"]
[SourceDate "2020.10.23"]
[SourceVersion "1"]
[SourceVersionDate "2020.10.23"]
[SourceQuality "1"]

1. Nc3 c6 2. e4 d5 3. g3 d4 4. Nce2 e5 5. d3 Bb4+ 6. c3 dxc3 7. bxc3 Ba5 8. Bg2 Nf6 9. f4 Nbd7 10. Nf3 exf4 11. gxf4 Nc5 12. Ne5 Bg4 13. Nxg4 Nxg4 14. d4 Qh4+ 15. Ng3 Nd7 16. Bd2 Nxh2 17. Kf2 Ng4+ 18. Kf3 Nh2+ 19. Kf2 Nf6 20. Rxh2 Ng4+ 21. Kf3 Nxh2+ 22. Kf2 Ng4+ 23. Kf3 Nf6 24. Qb3 Qg4+ 25. Kf2 Bb6 26. e5 Nd5 27. Bxd5 cxd5 28. Qxd5 Qd7 29. Qe4 g6 30. Rh1 h5 31. f5 0-0-0 32. e6 fxe6 33. fxe6 Qd5 34. e7 Qf7+ 35. Kg2 Rd7 36. Re1 Qe8 37. Bg5 Bc7 38. d5 Rh7 39. c4 Rf7 40. c5 Ba5 41. Re2 Bb4 42. Qxb4 Rxd5 43. Qe4 Rxg5 44. Qe6+ Kb8 45. Qd6+ 1-0

[Event "GER-ch Net blitz qual4"]
[Site "Playchess.com INT"]
[Date "2020.03.23"]
[Round "1"]
[White "Beesk, Kevin"]
[Black "Braun, Christian1"]
[Result "0-1"]
[WhiteElo "1968"]
[BlackElo "2407"]
[PlyCount "76"]
[EventDate "2020.03.23"]
[EventType "swiss (blitz)"]
[EventRounds "9"]
[EventCountry "GER"]
[SourceTitle "CBM 195 Extra"]
[Source "ChessBase"]
[SourceDate "2020.05.31"]
[SourceVersion "1"]
[SourceVersionDate "2020.05.31"]
[SourceQuality "1"]

1. Nc3 g6 2. d4 Bg7 3. e4 d6 4. Be3 Nc6 5. Qd2 e5 6. Nge2 Nf6 7. f3 d5 8. exd5 Nxd5 9. Nxd5 Qxd5 10. Nc3 Qa5 11. dxe5 Bxe5 12. 0-0-0 0-0 13. Bc4 Bxc3 14. Qxc3 Qxc3 15. bxc3 Na5 16. Bb3 Re8 17. Bd4 Be6 18. Rhe1 Rad8 19. Bf6 Rxd1+ 20. Rxd1 b6 21. Rd8 Rxd8 22. Bxd8 c5 23. Kb2 Kf8 24. Bc7 Ke7 25. Bxe6 Kxe6 26. Bb8 Nc6 27. Bg3 Kd5 28. a4 Kc4 29. Bc7 Ne7 30. Be5 Nd5 31. g3 f6 32. Bb8 a6 33. Ba7 Nxc3 34. Ka3 b5 35. axb5 Nxb5+ 36. Ka4 Nxa7 37. Ka5 Nb5 38. Kxa6 Nd4 0-1

[Event "GER-ch Net blitz qual4"]
[Site "Playchess.com INT"]
[Date "2020.03.23"]
[Round "4"]
[White "Beesk, Kevin"]
[Black "Friemel, Reinhard"]
[Result "1-0"]
[WhiteElo "1968"]
[BlackElo "1615"]
[PlyCount "63"]
[EventDate "2020.03.23"]
[EventType "swiss (blitz)"]
[EventRounds "9"]
[EventCountry "GER"]
[SourceTitle "CBM 195 Extra"]
[Source "ChessBase"]
[SourceDate "2020.05.31"]
[SourceVersion "1"]
[SourceVersionDate "2020.05.31"]
[SourceQuality "1"]

1. Nc3 e6 2. e4 d5 3. g3 c6 4. Bg2 g6 5. e5 a6 6. f4 c5 7. Nf3 Nc6 8. d3 Bg7 9. 0-0 Nge7 10. Qe2 Nf5 11. Nd1 0-0 12. c3 Qb6 13. Kh1 d4 14. c4 Bd7 15. Nf2 Qd8 16. Ne4 Qe7 17. g4 Nh4 18. Nxh4 Qxh4 19. Bd2 Qe7 20. Be1 Rac8 21. Bg3 b5 22. b3 Rb8 23. Rae1 bxc4 24. bxc4 Rb6 25. Nd6 Rfb8 26. f5 Rb2 27. Qe4 exf5 28. gxf5 f6 29. exf6 Bxf6 30. fxg6 Qxe4 31. Bxe4 Kg7 32. gxh7 1-0